Geometrie : (et geometrie descriptive);. Geometrie analytique, a trois dimensions : (et geometrie superieure);. Geometrie analitique, a deux dimensions : (et geometrie superieure) : a l'usage des classes de mathematiques elementaires
Saved in:
| Main Author: | |
|---|---|
| Format: | Book |
| Language: | French |
| Published: |
Paris :
Gauthier-Villars,
1893
|
| Series: | Recueil de problemes de mathematiques
|
| Subjects: | |
| Tags: |
Add Tag
No Tags, Be the first to tag this record!
|
MARC
| LEADER | 00000cam a2200000 i 4500 | ||
|---|---|---|---|
| 001 | 1/102723 | ||
| 008 | 090313s1893 fre d | ||
| 035 | |l 10103774 | ||
| 040 | |a GR-MY-UA |b gre |e aacr | ||
| 041 | 0 | |a fre | |
| 082 | 0 | |a 516 |2 (22) | |
| 100 | 1 | |a Laisant, C.-A. |q (Charles-Ange), |d 1841-1920. | |
| 245 | 1 | 0 | |a Geometrie : |b (et geometrie descriptive);. Geometrie analytique, a trois dimensions : (et geometrie superieure);. Geometrie analitique, a deux dimensions : (et geometrie superieure) : a l'usage des classes de mathematiques elementaires / C.-A. Laisant |
| 260 | |a Paris : |b Gauthier-Villars, |c 1893 | ||
| 300 | |a 3τ. σε 1 (x, 206 σ.; vi, 95 σ.; x, 311 σ.); |c 22 εκ. | ||
| 490 | 1 | |a Recueil de problemes de mathematiques | |
| 650 | 0 | 0 | |a Geometry, Analytic. |
| 650 | 0 | 0 | |a Geometry, Descriptive. |
| 830 | 0 | |a Recueil de problemes de mathematiques | |
| 852 | |a INST |b SAMOS |c MAG |e 20090313 |h 516 LAI |p 005300029139 |q 005300029139 |t BK |y 0 | ||
| 901 | |a BIBL3-2009-1 | ||
| 909 | |a Σ |b 155838 | ||
| 970 | |a ΡΟΥΣΣΟΥ |b ΚΩΝΣΤΑΝΤΙΝΑ |z 2009/03/13 | ||